[Event "Ceriano Laghetto op-B 18th"]
[Site "Ceriano Laghetto"]
[Date "2009.03.28"]
[Round "3"]
[White "Rapetti, Giuseppe"]
[Black "Quagliarella, Sabino Remo"]
[Result "1-0"]
[WhiteElo "1785"]
[BlackElo "1957"]
[PlyCount "113"]
[EventDate "2009.03.27"]
[EventType "swiss"]
[EventRounds "5"]
[EventCountry "ITA"]
[SourceTitle "EXT 2011"]
[Source "ChessBase"]
[SourceDate "2010.11.26"]
[SourceVersion "1"]
[SourceVersionDate "2010.11.26"]
[SourceQuality "1"]

1. d4 d5 2. c4 c6 3. Nf3 Nf6 4. Nc3 Nbd7 5. e3 e6 6. Bd3 Be7 7. 0-0 0-0 8. cxd5 exd5 9. Qc2 Re8 10. a3 Nf8 11. b4 a6 12. Rb1 Bd6 13. a4 Bg4 14. Nd2 Qe7 15. b5 axb5 16. axb5 Bd7 17. bxc6 bxc6 18. Ne2 Bxh2+ 19. Kxh2 Ng4+ 20. Kg1 Qh4 21. Nf3 Qf6 22. Ng3 g6 23. e4 dxe4 24. Bxe4 Qd6 25. Bb2 Nf6 26. Rfe1 Nxe4 27. Nxe4 Rxe4 28. Rxe4 Bf5 29. Qe2 Ne6 30. Rxe6 fxe6 31. Ra1 Rb8 32. Ba3 Qd5 33. Qe5 Qb3 34. Bc5 Qb2 35. Ra7 Qc1+ 36. Ne1 Qxe1+ 37. Qxe1 Rb1 38. Qxb1 Bxb1 39. Kh2 Be4 40. g3 h5 41. Kh3 g5 42. f4 Bf5+ 43. Kg2 gxf4 44. gxf4 h4 45. Kh2 h3 46. Rc7 Kh8 47. Rxc6 Kg7 48. Bd6 Kg6 49. Rc3 Bg4 50. Rg3 Kf5 51. Be5 Be2 52. Kxh3 Ke4 53. Kh4 Bc4 54. Kg5 Be2 55. Kf6 Bc4 56. Rg7 Bb3 57. Re7 1-0